Méthodes statistiques en biologie et en agronomie (Record no. 22440)
[ view plain ]
| 000 -LEADER | |
|---|---|
| fixed length control field | 00451cam a2200157I 4500 |
| 020 ## - INTERNATIONAL STANDARD BOOK NUMBER | |
| ISBN | 2852068346 |
| 040 ## - CATALOGING SOURCE | |
| Transcribing agency | KSU |
| 082 00 - DEWEY DECIMAL CLASSIFICATION NUMBER | |
| Classification number | 311 VES 1988 C285 Or. |
| 100 1# - MAIN ENTRY--AUTHOR NAME | |
| Personal name | Vessereau, Andr©♭, |
| 245 13 - TITLE STATEMENT | |
| Title | Méthodes statistiques en biologie et en agronomie |
| 250 ## - EDITION STATEMENT | |
| Edition statement | [1. ©♭dition] |
| 300 ## - PHYSICAL DESCRIPTION | |
| Number of Pages | 125 pages : |
| Other physical details | illustrations ; |
| Dimensions | 18 cm |
| 490 1# - SERIES STATEMENT | |
| Series statement | "Que sais-je?" Le point des connaissances actuelles ; |
| 650 #0 - SUBJECT ADDED ENTRY--TOPICAL TERM | |
| Topical Term | Statistics. |
| 942 ## - ADDED ENTRY ELEMENTS (KOHA) | |
| Koha item type | ADB |
| 952 ## - LOCATION AND ITEM INFORMATION (KOHA) | |
| Withdrawn status [LOCAL, KOHA] | 0 |
| Permanent Location | Date acquired | Koha item type | Lost status | Shelving location | Barcode | Current Location | Full call number |
|---|---|---|---|---|---|---|---|
| Library Block C | 2023-12-28 | ADB | C285 | a22056 | Library Block C | 311 VES 1988 C285 Or. |